| Поле | Инд. | ПП | Название | Значение |
|---|---|---|---|---|
| Тип записи | a | |||
| Библиографический уровень | a | |||
| 001 | Контрольный номер | RU/REP/BASE/00078146 | ||
| 005 | Дата корректировки | 20200422132400.5 | ||
| 200 | 1_ | a | Заглавие | Значение решений Европейского Суда по правам человека для российского гражданского судопроизводства |
| f | Первые сведения об ответственности | Фокина М.А. | ||
| 210 | 1_ | a | Место издания | М. |
| c | Издательство | РАП | ||
| d | Дата издания | 2013 | ||
| 463 | 1 | 001RU/REP/BASE/00078011 | ||
| 1 | 2001 | |||
| a | Поиск баланса частных и публичных интересов в решениях международных и национальных судов | |||
| v | С. 177-185 | |||
| 1 | 210 | |||
| d | 2013 | |||
| 610 | 0_ | a | Ключевые слова | ГРАЖДАНСКИЙ ПРОЦЕСС РФ, ЕВРОПЕЙСКИЙ СУД, ИНОСТРАННЫЕ СУДЕБНЫЕ РЕШЕНИЯ ПРИЗНАНИЕ ИСПОЛНЕНИЕ, РАП |
| 686 | a | Систематический индекс | 67 | |
| 700 | _1 | a | Фамилия | Фокина |
| b | Имя | М.А. | ||
| 852 | j | Полочный индекс | 67 | |
| 901 | w | Контрольный № источника | RU/REP/BASE/00078011 | |
| t | Тип документа | a |